<?xml version="1.0" encoding="UTF-8"?>
<record
    xmlns:xsi="http://www.w3.org/2001/XMLSchema-instance"
    xsi:schemaLocation="http://www.loc.gov/MARC21/slim http://www.loc.gov/standards/marcxml/schema/MARC21slim.xsd"
    xmlns="http://www.loc.gov/MARC21/slim">

  <leader>01182cam a22002411  4500</leader>
  <controlfield tag="001">hew61000154 </controlfield>
  <controlfield tag="003">DLC</controlfield>
  <controlfield tag="005">20260227111511.0</controlfield>
  <controlfield tag="008">790625s1961    dcuab        f000 0 eng c</controlfield>
  <datafield tag="010" ind1=" " ind2=" ">
    <subfield code="a">hew61000154 </subfield>
  </datafield>
  <datafield tag="035" ind1=" " ind2=" ">
    <subfield code="a">(OCoLC)5106157</subfield>
  </datafield>
  <datafield tag="040" ind1=" " ind2=" ">
    <subfield code="a">U.S. Dept. of HEW</subfield>
    <subfield code="c">OMC</subfield>
    <subfield code="d">OMC</subfield>
    <subfield code="d">DLC</subfield>
  </datafield>
  <datafield tag="050" ind1="0" ind2="0">
    <subfield code="a">L111</subfield>
    <subfield code="b">.A6 1961, no. 16</subfield>
  </datafield>
  <datafield tag="051" ind1=" " ind2=" ">
    <subfield code="a">LB2846</subfield>
    <subfield code="b">.S33</subfield>
  </datafield>
  <datafield tag="100" ind1="1" ind2=" ">
    <subfield code="a">Seibert, Ivan N.</subfield>
    <subfield code="q">(Ivan Newton),</subfield>
    <subfield code="d">1908-</subfield>
    <subfield code="e">comp.</subfield>
  </datafield>
  <datafield tag="245" ind1="1" ind2="0">
    <subfield code="a">State plans for improving statistical services</subfield>
    <subfield code="b">submitted by state education agencies, under section 1009, title X, Public law 85-864;</subfield>
    <subfield code="c">compiled by Ivan N. Seibert, Jerry N. Waddell and Louise R. Murphy.</subfield>
  </datafield>
  <datafield tag="260" ind1=" " ind2=" ">
    <subfield code="a">[Washington]</subfield>
    <subfield code="b">U.S. Dept. of Health, Education and Welfare, Office of Education</subfield>
    <subfield code="c">[1961]</subfield>
  </datafield>
  <datafield tag="300" ind1=" " ind2=" ">
    <subfield code="a">vi, 173 p.</subfield>
    <subfield code="b">illus., map.</subfield>
    <subfield code="c">23 cm.</subfield>
  </datafield>
  <datafield tag="440" ind1=" " ind2="0">
    <subfield code="a">[U.S.  Office of Education]  Bulletin 1961,</subfield>
    <subfield code="v">no. 16</subfield>
  </datafield>
  <datafield tag="500" ind1=" " ind2=" ">
    <subfield code="a">"OE-20028."</subfield>
  </datafield>
  <datafield tag="501" ind1=" " ind2=" ">
    <subfield code="a">Copies 1 and 3 of L111.A6 with: Three-two plan of engineering education / Henry Horton Armsby. Washington : U.S. Dept. of Health, Education and Welfare, Office of Education,1961. Bound together subsequent to publication.</subfield>
    <subfield code="5">DLC</subfield>
  </datafield>
  <datafield tag="650" ind1=" " ind2="0">
    <subfield code="a">Education</subfield>
    <subfield code="z">United States</subfield>
    <subfield code="x">Statistics.</subfield>
  </datafield>
  <datafield tag="999" ind1=" " ind2=" ">
    <subfield code="c">34333</subfield>
    <subfield code="d">34333</subfield>
  </datafield>
</record>
